[Event "SPECIFY 7"]
[Site "SchemingMind.com"]
[Date "2014.08.09"]
[Round "-"]
[White "dmlowrey"]
[Black "Simon Green"]
[Result "1-0"]
[WhiteCountry "USA"]
[BlackCountry "ENG"]
[WhiteElo "1452"]
[WhiteRD "98"]
[BlackElo "1597"]
[BlackRD "56"]
[GameID "362890"]

1. d4 e6 2. Bf4 d5 3. Nf3 c5 4. e3 c4 5. Be2 Nf6 6. Nbd2 a6 7. c3 Be7 8. O-O O-O 9. b3 b5 10. bxc4 bxc4
11. Rb1 Nc6 12. Nxc4 dxc4 13. Bxc4 Qa5 14. Qb3 Bd7 15. Rfd1 Ne4 16. Rdc1 Rfb8 17. Qc2 Rxb1 18. Rxb1 Qxc3 19. Qxe4 Qxc4 20. Ne5 Qxa2
21. Nxd7 Qd5 22. Qxd5 exd5 23. Nb6 Ra7 24. Nd7 Rxd7 25. Rb6 Nb4 26. h4 h6 27. g4 Kh7 28. g5 Nd3 29. Bh2 a5 30. Ra6 Bb4
31. Kf1 Nb2 32. Ke2 Rc7 33. gxh6 gxh6 34. Bxc7 a4 35. Bf4 a3 36. e4 dxe4 37. d5 Nc4 38. d6 Na5 39. Be5 Nb7 40. d7 Nd8
41. Bf6
1-0

[Event "SPECIFY 7"]
[Site "SchemingMind.com"]
[Date "2014.08.10"]
[Round "-"]
[White "Simon Green"]
[Black "David Perna-Fraser"]
[Result "0-1"]
[WhiteCountry "ENG"]
[BlackCountry "CAN"]
[WhiteElo "1594"]
[WhiteRD "54"]
[BlackElo "2011"]
[BlackRD "112"]
[GameID "362891"]

1. d4 f5 2. e3 Nf6 3. f4 e6 4. Bd3 Be7 5. Nf3 O-O 6. O-O b6 7. Nbd2 Bb7 8. Qe1 Ne4 9. Ne5 d6 10. Nef3 Qe8
11. Bxe4 fxe4 12. Nh4 Qh5 13. g3 Bxh4 14. gxh4 Rf6 15. Kh1 Nc6 16. c3 Rg6 17. c4 Nxd4 18. Rg1 Nf3
0-1

[Event "SPECIFY 7"]
[Site "SchemingMind.com"]
[Date "2014.08.10"]
[Round "-"]
[White "David Perna-Fraser"]
[Black "Simon Green"]
[Result "1-0"]
[WhiteCountry "CAN"]
[BlackCountry "ENG"]
[WhiteElo "2011"]
[WhiteRD "112"]
[BlackElo "1594"]
[BlackRD "54"]
[GameID "362892"]

1. e4 e6 2. d4 d5 3. exd5 exd5 4. Bd3 Nf6 5. Nf3 Bd6 6. O-O O-O 7. Bg5 Nbd7 8. Nc3 c6 9. Re1 Re8 10. Rxe8+ Qxe8
11. Qe1 Qxe1+ 12. Rxe1 Nb6 13. Bxf6 gxf6 14. Re8+ Kg7 15. Nh4 Be6 16. Rxa8 Nxa8 17. Na4 b5 18. Nc5 Bxc5 19. dxc5 Nc7 20. b4 a6
21. Kf1 Kh6 22. Nf3 Ne8 23. Nd4 Bd7 24. Bf5 Bxf5 25. Nxf5+ Kg5 26. Ne7 Kf4 27. Nxc6 Ke4 28. Ke2 Nc7 29. f3+ Kf4 30. Nd8
1-0

[Event "SPECIFY 7"]
[Site "SchemingMind.com"]
[Date "2014.08.10"]
[Round "-"]
[White "Simon Green"]
[Black "Helga1946"]
[Result "0-1"]
[WhiteCountry "ENG"]
[BlackCountry "GER"]
[WhiteElo "1594"]
[WhiteRD "54"]
[BlackElo "1989"]
[BlackRD "108"]
[GameID "362893"]

1. d4 Nf6 2. e3 g6 3. Bd3 Bg7 4. f4 Nc6 5. c3 O-O 6. Nf3 d6 7. O-O e5 8. fxe5 dxe5 9. dxe5 Ng4 10. e4 Qe7
11. Qe2 Ncxe5 12. Nxe5 Bxe5 13. h3 Bg3 14. Bf4 Qc5+ 15. Kh1 Nf2+ 16. Rxf2 Qxf2 17. Qxf2 Bxf2 18. Bxc7 Be6 19. Nd2 Rfd8 20. Bxd8 Rxd8
21. Nf3 Rxd3 22. Rf1 Bg3 23. Nd4 Bc4 24. b3 Rxd4 25. bxc4 Rxe4 26. Kg1 Rxc4 27. Rf3 Be1
0-1

[Event "SPECIFY 7"]
[Site "SchemingMind.com"]
[Date "2014.08.10"]
[Round "-"]
[White "Helga1946"]
[Black "Simon Green"]
[Result "1-0"]
[WhiteCountry "GER"]
[BlackCountry "ENG"]
[WhiteElo "1989"]
[WhiteRD "108"]
[BlackElo "1594"]
[BlackRD "54"]
[GameID "362894"]

1. e4 e6 2. d4 d5 3. Nd2 Nf6 4. e5 Nfd7 5. c3 c5 6. Bd3 c4 7. Bc2 b5 8. Nh3 Be7 9. Qg4 O-O 10. Nf3 f5
11. Qg3 Qe8 12. O-O Rf7 13. Nfg5 Bxg5 14. Bxg5 Nf8 15. Bd1 g6 16. Bh6 Nbd7 17. Nf4 Re7 18. h4 Qf7 19. h5 Kh8 20. Re1 Bb7
21. Re3 Qg8 22. Qh4 Rf7 23. Rg3 a5 24. hxg6 Nxg6 25. Rxg6 hxg6 26. Bg7+ Kxg7 27. Nxe6#
1-0